| 000 | 00549nam a22001817a 4500 | ||
|---|---|---|---|
| 005 | 20231024134442.0 | ||
| 008 | 231024b |||||||| |||| 00| 0 eng d | ||
| 020 | _a0702149837 | ||
| 041 | _aEnglish | ||
| 082 | _a347.1 BAR | ||
| 100 |
_aBarrow OJ _lEnglish |
||
| 245 |
_aThe Supreme Court Act and the Magistrates' Courts Act and Rules / _cOJ Barrow |
||
| 250 | _aTwelfth Edition | ||
| 260 |
_aCape Town : _bJuta & Co, Ltd, _c1999 |
||
| 300 |
_b259 pages ; _c25,5 cm. |
||
| 650 |
_aLegal Practice _bLaw |
||
| 942 |
_cBK _6ALISON_BN_VRIES |
||
| 999 |
_c33 _d33 |
||